01078cam a22003014a 450000100090000000300050000900500170001400800410003101000170007202000150008903800120010404000180011604200080013405000210014208200210016310000220018424500490020626000370025530000450029249000260033750000080036350400510037165000500042265000470047285600950051985600870061485600750070112785073NUST20191126105756.0020522s2002 nyua bf 001 0 eng  a 2002071755 a0071375082 aMSOHAIL aDLCcDLCdDLC apcc00aTJ898b.A38 200200a621.8672 ABU2211 aAbulnaga, Baha E.10aSlurry systems handbook /cBaha E. Abulnaga. aNew York :bMcGraw-Hill,cc2002. a1 v. (various pagings) :bill. ;c24 cm.0 aMcGraw-Hill handbooks aH.B aIncludes bibliographical references and index. 0aHydraulic conveyingvHandbooks, manuals, etc. 0aSlurry pipelinesvHandbooks, manuals, etc.423Contributor biographical informationuhttp://www.loc.gov/catdir/bios/mh041/2002071755.html423Publisher descriptionuhttp://www.loc.gov/catdir/description/mh024/2002071755.html413Table of contentsuhttp://www.loc.gov/catdir/toc/mh023/2002071755.html